000
00314nam a22001337a 4500
003
SGT
020
_a
9789389354522
082
_a
615
_b
BOD
100
_a
BODAKHE SURENDRA H
245
_a
GUIDELINES AND SCREENING METHODS OF PHARMACOLOGY
260
_a
INDIA
_b
PHARMA MED
_c
2026
300
_a
209
942
_2
ddc
_c
BK
999
_c
34450
_d
34450